[Event "26th Klatovy B 2018"]
[Site "Klatovy CZE"]
[Date "2018.07.08"]
[Round "9.28"]
[White "Vasko, Pavel"]
[Black "Janous, Marek"]
[Result "0-1"]
[WhiteElo "1610"]
[BlackElo "1394"]
[PlyCount "88"]
[EventDate "2018.06.30"]
[EventType "swiss"]
[EventRounds "9"]
[EventCountry "CZE"]

1. e4 c5 2. Nf3 e6 3. c4 Qc7 4. Nc3 a6 5. d3 Nc6 6. g3 d6 7. Bg2 Be7 8. O-O Nf6 9. b3 O-O 10. Bb2 Bd7 11. Ne2 Rac8 12. Bc3 Rfd8 13. Qc2 b5 14. a3 Rb8 15. Ra2 bxc4 16. bxc4 h6 17. Rb1 Rxb1+ 18. Qxb1 Rb8 19. Rb2 Rxb2 20. Qxb2 Qb8 21. Qa1 Qb3 22. Ne1 Ne8 23. Bf3 Bf6 24. Bxf6 Nxf6 25. Nc1 Qb6 26. Nc2 Ne5 27. Be2 Ba4 28. Ne3 Nc6 29. Kg2 Nd4 30. Bd1 Bxd1 31. Nxd1 Nd7 32. f4 Nb3 33. Qb2 Nxc1 34. Qxc1 Qb3 35. Nf2 a5 36. Kf3 d5 37. Ke3 dxc4 38. Qxc4 Qxa3 39. Qb5 Nf8 40. Qc4 a4 41. Nd1 Qb4 42. Qc3 a3 43. Ke2 a2 44. Qa1 Qb1 0-1

[Event "26th Klatovy B 2018"]
[Site "Klatovy CZE"]
[Date "2018.07.08"]
[Round "9.29"]
[White "Skutil, Frantisek"]
[Black "Zimovcak, Zdenek"]
[Result "1/2-1/2"]
[WhiteElo "1336"]
[BlackElo "1609"]
[PlyCount "26"]
[EventDate "2018.06.30"]
[EventType "swiss"]
[EventRounds "9"]
[EventCountry "CZE"]

1. Nf3 d5 2. c4 e6 3. g3 Nf6 4. Bg2 c6 5. b3 dxc4 6. bxc4 Be7 7. O-O O-O 8. Bb2 Nbd7 9. Nc3 Qc7 10. d3 h6 11. Nd2 a6 12. a4 Re8 13. Nde4 Nh7 1/2-1/2

[Event "26th Klatovy B 2018"]
[Site "Klatovy CZE"]
[Date "2018.07.08"]
[Round "9.30"]
[White "Krupansky, Jaromir"]
[Black "Dubnicka, Augustin 2000"]
[Result "0-1"]
[WhiteElo "1765"]
[BlackElo "1659"]
[PlyCount "72"]
[EventDate "2018.06.30"]
[EventType "swiss"]
[EventRounds "9"]
[EventCountry "CZE"]

1. e4 c5 2. Nc3 Nc6 3. Be2 g6 4. f4 d6 5. Nf3 Bg7 6. O-O e6 7. f5 Nge7 8. fxe6 Bxe6 9. Ng5 Nd4 10. Nxe6 Nxe6 11. Qe1 O-O 12. d3 Nd4 13. Bd1 Qd7 14. Ne2 Nxe2+ 15. Qxe2 Nc6 16. c3 Rae8 17. Bb3 Kh8 18. Bg5 Ne5 19. Bf6 Ng4 20. Bxg7+ Kxg7 21. Rf4 Nh6 22. Raf1 f5 23. Qe3 Qe7 24. Qd2 b6 25. Ba4 Rd8 26. exf5 Rxf5 27. Rxf5 Nxf5 28. Re1 Qf6 29. Qe2 Rf8 30. Bb3 h5 31. Qe4 a5 32. Rf1 Qg5 33. Qd5 Qe3+ 34. Kh1 Ng3+ 35. hxg3 Rxf1+ 36. Kh2 Qg1+ 0-1

[Event "26th Klatovy B 2018"]
[Site "Klatovy CZE"]
[Date "2018.07.08"]
[Round "9.31"]
[White "Soucek, Jan"]
[Black "Vavrinek, Tomas"]
[Result "1/2-1/2"]
[WhiteElo "1440"]
[BlackElo "1785"]
[PlyCount "130"]
[EventDate "2018.06.30"]
[EventType "swiss"]
[EventRounds "9"]
[EventCountry "CZE"]

1. e4 c5 2. Nf3 Nc6 3. d4 cxd4 4. Nxd4 Nf6 5. Nc3 e5 6. Nf5 d5 7. exd5 Bxf5 8. dxc6 Qxd1+ 9. Nxd1 bxc6 10. Ne3 Be4 11. Ba6 Rb8 12. O-O Bc5 13. Re1 O-O 14. Bc4 Rfd8 15. Bb3 Bg6 16. h3 Ne4 17. Rf1 Nd2 18. Re1 Nxb3 19. cxb3 Bb4 20. Rd1 Rd4 21. a3 Ba5 22. b4 Bb6 23. Re1 f6 24. Nf1 Rbd8 25. Be3 Rd3 26. Rac1 Be4 27. Bd2 Bd5 28. Bc3 Bb3 29. Nh2 Ba4 30. Nf3 Kf7 31. Kf1 Bb5 32. Kg1 R3d6 33. Nh2 Bd4 34. Bxd4 exd4 35. Nf3 d3 36. Nd2 Re6 37. Rxe6 Kxe6 38. Re1+ Kf7 39. f3 Rc8 40. Ne4 Rd8 41. Nd2 Rd5 42. b3 Ba6 43. Rc1 Bb7 44. Ne4 f5 45. Nc5 Bc8 46. Rd1 d2 47. Kf2 a5 48. Ke3 axb4 49. axb4 f4+ 50. Kxf4 Rd4+ 51. Ke3 Rxb4 52. Rxd2 Rb5 53. Rc2 Ke7 54. Rc3 Bf5 55. Kf4 Bg6 56. Ke5 Bf7 57. Kd4 Rb4+ 58. Kd3 Bd5 59. Kd2 Kd6 60. Kc2 Rb5 61. Nd3 Ra5 62. Nb4 Ra1 63. Nxd5 cxd5 64. Kd3 Ra2 65. Rc2 Ra1 1/2-1/2

[Event "26th Klatovy B 2018"]
[Site "Klatovy CZE"]
[Date "2018.07.08"]
[Round "9.32"]
[White "Nagy, Ladislav"]
[Black "Soucek, Petr"]
[Result "1/2-1/2"]
[WhiteElo "1740"]
[BlackElo "1485"]
[PlyCount "106"]
[EventDate "2018.06.30"]
[EventType "swiss"]
[EventRounds "9"]
[EventCountry "CZE"]

1. Nf3 Nf6 2. g3 g6 3. Bg2 Bg7 4. O-O O-O 5. c4 d5 6. cxd5 Nxd5 7. Qc2 Nd7 8. Nc3 N7b6 9. a3 c6 10. d3 Bg4 11. h3 Nxc3 12. bxc3 Bxf3 13. Bxf3 Qd7 14. Bg2 Nd5 15. Bb2 e5 16. c4 Ne7 17. Rab1 Rad8 18. a4 Rfe8 19. Bc3 b6 20. Qb2 Nf5 21. a5 Rb8 22. Qa1 Nd4 23. Rb2 b5 24. Bxd4 exd4 25. cxb5 cxb5 26. a6 Rb6 27. Kh2 b4 28. Rc1 Qd6 29. Bb7 Bf8 30. Qa4 Rd8 31. Rc4 Qf6 32. Kg2 Qe6 33. Rc6 Rxc6 34. Qxc6 Qxc6+ 35. Bxc6 Rc8 36. Bd5 Kg7 37. Kf3 f5 38. Bc4 Kf6 39. Ra2 Rc5 40. e3 dxe3 41. fxe3 g5 42. Ra4 Rc6 43. Ra5 Rb6 44. Bb3 h5 45. g4 hxg4+ 46. hxg4 fxg4+ 47. Kxg4 Bd6 48. Kh5 Rc6 49. Bc4 Rb6 50. Rd5 Rc6 51. Rb5 Rxa6 52. Rxb4 Bxb4 53. Bxa6 Bd2 1/2-1/2

[Event "26th Klatovy B 2018"]
[Site "Klatovy CZE"]
[Date "2018.07.08"]
[Round "9.33"]
[White "Koci, Milos"]
[Black "Boucek, Vlastimil 1968"]
[Result "1/2-1/2"]
[WhiteElo "1345"]
[BlackElo "1715"]
[PlyCount "37"]
[EventDate "2018.06.30"]
[EventType "swiss"]
[EventRounds "9"]
[EventCountry "CZE"]

1. d4 d5 2. Bf4 Bf5 3. Nf3 Nf6 4. e3 e6 5. Nbd2 Bd6 6. Be2 Bxf4 7. exf4 h6 8. O-O O-O 9. Ne5 Nbd7 10. Ndf3 c5 11. c3 Rc8 12. Bd3 Ne4 13. Re1 c4 14. Nxd7 Qxd7 15. Bc2 Qd6 16. Qc1 Qd8 17. Nd2 Nxd2 18. Qxd2 Bxc2 19. Qxc2 1/2-1/2

[Event "26th Klatovy B 2018"]
[Site "Klatovy CZE"]
[Date "2018.07.08"]
[Round "9.34"]
[White "Studenovsky, Jaroslav"]
[Black "Cipera, Josef"]
[Result "0-1"]
[WhiteElo "1233"]
[BlackElo "1688"]
[PlyCount "70"]
[EventDate "2018.06.30"]
[EventType "swiss"]
[EventRounds "9"]
[EventCountry "CZE"]

1. c4 e5 2. Nc3 Nf6 3. g3 d5 4. cxd5 Nxd5 5. Bg2 Nb6 6. d3 Be7 7. Nf3 Nc6 8. O-O O-O 9. Rb1 Be6 10. a3 a5 11. Bd2 Qd7 12. Re1 a4 13. b4 axb3 14. Ng5 Bxg5 15. Bxg5 f5 16. Rxb3 Bxb3 17. Qxb3+ Kh8 18. Be3 Nd4 19. Qa2 c6 20. Rb1 Na4 21. Nxa4 Rxa4 22. Bxd4 exd4 23. Qb3 b5 24. Rc1 Ra6 25. Qc2 Rc8 26. Qc5 h6 27. Bh3 g6 28. e4 dxe3 29. fxe3 Rd8 30. Bg2 Qd6 31. Bxc6 Qxc5 32. Rxc5 Rxa3 33. Bxb5 Ra2 34. Bc4 Rc2 35. Rd5 Ra8 0-1

[Event "26th Klatovy B 2018"]
[Site "Klatovy CZE"]
[Date "2018.07.08"]
[Round "9.35"]
[White "Kubat, Zbynek"]
[Black "Bastyr, Pavel"]
[Result "0-1"]
[WhiteElo "1681"]
[BlackElo "1469"]
[PlyCount "68"]
[EventDate "2018.06.30"]
[EventType "swiss"]
[EventRounds "9"]
[EventCountry "CZE"]

1. e4 c5 2. d4 cxd4 3. c3 dxc3 4. Nxc3 d6 5. Bc4 e6 6. Nf3 Nf6 7. O-O Qc7 8. Bb3 a6 9. Re1 Be7 10. Bf4 O-O 11. Rc1 Qd8 12. Qc2 Nbd7 13. Rcd1 Nc5 14. e5 Nh5 15. exd6 Nxf4 16. dxe7 Qxe7 17. g3 Nxb3 18. Qxb3 Nh3+ 19. Kg2 Qf6 20. Ne4 Qh6 21. Qb6 g5 22. Rd8 Qg6 23. Rxf8+ Kxf8 24. Qd8+ Kg7 25. Ne5 Qf5 26. Nd3 g4 27. Re3 b5 28. Nd6 Bb7+ 29. Nxb7 Rxd8 30. Nxd8 Qd5+ 31. f3 Qxd8 32. fxg4 Ng5 33. h4 Qd5+ 34. Kf2 Nh3+ 0-1

[Event "26th Klatovy B 2018"]
[Site "Klatovy CZE"]
[Date "2018.07.08"]
[Round "9.36"]
[White "Stvan, Marek"]
[Black "Valdman, Jakub"]
[Result "1-0"]
[WhiteElo "1637"]
[BlackElo "1066"]
[PlyCount "65"]
[EventDate "2018.06.30"]
[EventType "swiss"]
[EventRounds "9"]
[EventCountry "CZE"]

1. e4 e5 2. Nf3 Nc6 3. Bc4 Nf6 4. Ng5 d5 5. exd5 Nxd5 6. Nxf7 Kxf7 7. Qf3+ Qf6 8. Bxd5+ Ke8 9. Qxf6 gxf6 10. Bxc6+ bxc6 11. d3 Rg8 12. g3 Bd7 13. Rg1 Bc5 14. Be3 Bxe3 15. fxe3 Ke7 16. Nc3 Raf8 17. O-O-O f5 18. Rde1 Kd6 19. Ne2 c5 20. Ref1 h5 21. Rf2 h4 22. Rgf1 hxg3 23. hxg3 c4 24. e4 Rg5 25. exf5 Rgxf5 26. Rxf5 Rxf5 27. Rxf5 Bxf5 28. Kd2 Be6 29. a3 Kc6 30. Ke3 Bg4 31. Nc3 a6 32. Ne4 Kd5 33. Nf6+ 1-0

[Event "26th Klatovy B 2018"]
[Site "Klatovy CZE"]
[Date "2018.07.08"]
[Round "9.37"]
[White "Svec, Ludek"]
[Black "Juhanak, Daniel"]
[Result "0-1"]
[WhiteElo "1618"]
[BlackElo "1317"]
[PlyCount "98"]
[EventDate "2018.06.30"]
[EventType "swiss"]
[EventRounds "9"]
[EventCountry "CZE"]

1. d4 d5 2. c4 c6 3. Nf3 Nf6 4. g3 Bf5 5. Bg2 e6 6. O-O Be7 7. Nc3 Nbd7 8. cxd5 exd5 9. Nh4 Bg4 10. Qc2 O-O 11. Nf5 Bh5 12. Nxe7+ Qxe7 13. Qb3 Nb6 14. Re1 Bg6 15. Bg5 h6 16. Bxf6 Qxf6 17. e4 dxe4 18. Nxe4 Qxd4 19. Rad1 Qc4 20. Qxc4 Nxc4 21. b3 Bxe4 22. Rxe4 Nb6 23. Re7 Rab8 24. Bf3 Rfe8 25. Rde1 Kf8 26. Rxe8+ Rxe8 27. Rd1 Ke7 28. Kf1 Rd8 29. Re1+ Kf8 30. Rd1 Rxd1+ 31. Bxd1 Nd5 32. a3 Ke7 33. Bc2 Kd6 34. Ke1 Ke5 35. Kd2 Kd4 36. f3 Ne3 37. Bd3 g6 38. Be2 c5 39. a4 c4 40. bxc4 Nxc4+ 41. Kc2 Nd6 42. Kd2 a6 43. h4 Nc4+ 44. Kc2 Ne3+ 45. Kd2 Nf5 46. g4 Nxh4 47. a5 g5 48. Bd1 Ng6 49. Bc2 Ne5 0-1

[Event "26th Klatovy B 2018"]
[Site "Klatovy CZE"]
[Date "2018.07.08"]
[Round "9.38"]
[White "Fiala, Jonas"]
[Black "Svejdar, Pavel"]
[Result "1-0"]
[WhiteElo "1000"]
[BlackElo "1614"]
[PlyCount "47"]
[EventDate "2018.06.30"]
[EventType "swiss"]
[EventRounds "9"]
[EventCountry "CZE"]

1. e4 e5 2. Nf3 Nc6 3. Bb5 a6 4. Ba4 b5 5. Bb3 Nf6 6. d3 Be7 7. Nc3 d6 8. Nd5 Nxd5 9. Bxd5 Bd7 10. Be3 O-O 11. h4 Rc8 12. Ng5 Nb4 13. Qh5 h6 14. Nxf7 Rxf7 15. Bxf7+ Kf8 16. Bb3 Be8 17. Qf5+ Bf6 18. g4 Bd7 19. Qh7 d5 20. exd5 Bxg4 21. Bc5+ Be7 22. Qh8+ Kf7 23. d6+ Kf6 24. Qxd8 1-0

[Event "26th Klatovy B 2018"]
[Site "Klatovy CZE"]
[Date "2018.07.08"]
[Round "9.39"]
[White "Dolezal, Martin 1998"]
[Black "Kirs, Pavel"]
[Result "0-1"]
[WhiteElo "1247"]
[BlackElo "1579"]
[PlyCount "55"]
[EventDate "2018.06.30"]
[EventType "swiss"]
[EventRounds "9"]
[EventCountry "CZE"]

1. e4 e5 2. Nf3 Nc6 3. Bc4 Bc5 4. Nc3 Nf6 5. d3 h6 6. O-O O-O 7. Re1 a6 8. a3 d6 9. h3 b5 10. Bd5 Nxd5 11. Nxd5 Ne7 12. Nxe7+ Qxe7 13. b4 Bb6 14. Be3 Bxe3 15. Rxe3 Bb7 16. Nd2 Rad8 17. Qg4 Bc8 18. Qg3 f5 19. exf5 Rxf5 20. f3 Rdf8 21. Rf1 Rg5 22. Qh2 Qf7 23. Kh1 Qa2 24. f4 Rgf5 25. Ref3 Qxc2 26. Ne4 Bb7 27. fxe5 Qxd3 28. Rxf5 0-1

[Event "26th Klatovy B 2018"]
[Site "Klatovy CZE"]
[Date "2018.07.08"]
[Round "9.40"]
[White "Svejdar, Petr"]
[Black "Matejka, Jaromir"]
[Result "0-1"]
[WhiteElo "1163"]
[BlackElo "1570"]
[PlyCount "72"]
[EventDate "2018.06.30"]
[EventType "swiss"]
[EventRounds "9"]
[EventCountry "CZE"]

1. e4 e6 2. d4 d5 3. exd5 exd5 4. c4 Be6 5. cxd5 Bxd5 6. Nc3 Bb4 7. Bd2 Nf6 8. Nxd5 Bxd2+ 9. Qxd2 Qxd5 10. Nf3 O-O 11. Be2 Ne4 12. Qb4 a5 13. Qa4 c6 14. O-O Nd6 15. Qc2 Nd7 16. Rfe1 Nf6 17. Bd3 Rfe8 18. b3 h6 19. Rad1 Nfe4 20. Re2 Re7 21. Rde1 Rae8 22. Nd2 f5 23. g4 g6 24. f3 Qxd4+ 25. Kg2 Nxd2 26. Rxe7 Rxe7 27. Rxe7 Qf4 28. Be2 Qg5 29. Rd7 fxg4 30. Rxd6 gxf3+ 31. Kf2 Qg2+ 32. Ke3 Qxe2+ 33. Kd4 c5+ 34. Qxc5 Qf2+ 35. Kd5 Qxc5+ 36. Kxc5 Ne4+ 0-1

[Event "26th Klatovy B 2018"]
[Site "Klatovy CZE"]
[Date "2018.07.08"]
[Round "9.41"]
[White "Studenovsky, Jaroslav 1974"]
[Black "Kotesovec, Jaroslav"]
[Result "0-1"]
[WhiteElo "1000"]
[BlackElo "1514"]
[PlyCount "146"]
[EventDate "2018.06.30"]
[EventType "swiss"]
[EventRounds "9"]
[EventCountry "CZE"]

1. e4 c5 2. Nf3 Nc6 3. c3 d6 4. Bc4 e6 5. O-O a6 6. d4 cxd4 7. cxd4 b5 8. Bb3 Bb7 9. Re1 Be7 10. Nbd2 Nf6 11. Nf1 O-O 12. Ng3 Rc8 13. a3 Na5 14. Bc2 g6 15. Bd2 Nc4 16. Bc3 Qc7 17. Rc1 Rfd8 18. Nd2 Nxa3 19. Nb3 Nxc2 20. Ba5 Qc5 21. Bxd8 Bxd8 22. Na1 Qxd4 23. Nxc2 Qxb2 24. Ne3 Rxc1 25. Qxc1 Qxc1 26. Rxc1 Kf8 27. f3 Bb6 28. Kf2 Nd7 29. Ke2 Nc5 30. h4 h5 31. Ngf1 a5 32. Nd2 a4 33. Ra1 Ba6 34. Nc2 Ba5 35. Nb1 b4+ 36. Kd1 e5 37. g4 hxg4 38. fxg4 b3 39. Nca3 Bd3 40. Kc1 Bxe4 41. Nd2 Nd3+ 42. Kd1 Bc3 43. Nxe4 Bxa1 44. Nxd6 Bb2 45. Ndc4 Bxa3 46. Nxa3 e4 47. Kd2 f5 48. gxf5 gxf5 49. Ke3 Kg7 50. Nc4 b2 51. Na3 Kf6 52. Nb1 Kg6 53. Kd4 Kh5 54. Kc3 Kxh4 55. Kc2 Kg3 56. Nd2 Kf2 57. Nc4 Ke2 58. Na3 f4 59. Nb1 f3 60. Nc3+ Ke3 61. Nd1+ Kd4 62. Nc3 f2 63. Ne2+ Ke3 64. Ng3 a3 65. Kb1 Kf3 66. Nf1 e3 67. Ka2 e2 68. Nd2+ Kg2 69. Nc4 e1=Q 70. Nxa3 f1=Q 71. Nc2 Qa5+ 72. Kb3 b1=Q+ 73. Kc4 Qc5# 0-1

[Event "26th Klatovy B 2018"]
[Site "Klatovy CZE"]
[Date "2018.07.08"]
[Round "9.42"]
[White "Stross, Frantisek 1952"]
[Black "Stastny, Simon"]
[Result "0-1"]
[WhiteElo "1506"]
[BlackElo "1092"]
[PlyCount "71"]
[EventDate "2018.06.30"]
[EventType "swiss"]
[EventRounds "9"]
[EventCountry "CZE"]

1. e4 e5 2. Nf3 Nc6 3. Bc4 Bc5 4. Nc3 Nf6 5. d3 h6 6. Be3 Bb6 7. Nd5 d6 8. h3 Be6 9. O-O Na5 10. Nxb6 axb6 11. Bxe6 fxe6 12. b4 Nc6 13. b5 Ne7 14. Qd2 Ng6 15. c4 O-O 16. Bxh6 gxh6 17. Qxh6 Nf4 18. Nh4 Rf7 19. Kh1 Qf8 20. Qxf8+ Kxf8 21. Rfd1 c6 22. Kh2 Ra3 23. d4 Rh7 24. dxe5 dxe5 25. g3 Nd3 26. f3 cxb5 27. cxb5 Rg7 28. Rd2 Nh5 29. Rad1 Nc5 30. g4 Nf4 31. Rc2 Rh7 32. Kg3 Nxe4+ 33. Kh2 Rxh4 34. Rc8+ Ke7 35. Rc7+ Kf6 36. fxe4 0-1

[Event "26th Klatovy B 2018"]
[Site "Klatovy CZE"]
[Date "2018.07.08"]
[Round "9.43"]
[White "Kohout, Josef 1953"]
[Black "Beran, Jakub"]
[Result "1/2-1/2"]
[WhiteElo "1888"]
[BlackElo "1349"]
[PlyCount "123"]
[EventDate "2018.06.30"]
[EventType "swiss"]
[EventRounds "9"]
[EventCountry "CZE"]

1. e4 e5 2. Nf3 Nc6 3. d4 exd4 4. Bc4 h6 5. Nxd4 Bc5 6. Bxf7+ Kxf7 7. Qh5+ g6 8. Qxc5 Nxd4 9. Qxd4 Qf6 10. Be3 Qxd4 11. Bxd4 Rh7 12. Nc3 d6 13. Nb5 Kf8 14. O-O-O a6 15. Nc3 Be6 16. f4 Rf7 17. Rhf1 Re8 18. b3 Ne7 19. h3 h5 20. Rde1 Nc6 21. Bg1 b6 22. Bh2 a5 23. Nb5 a4 24. Kb2 axb3 25. axb3 Nb4 26. Rg1 Ra8 27. Nd4 Bd7 28. Ra1 Rxa1 29. Rxa1 c5 30. Ra8+ Kg7 31. Kc3 Re7 32. Ra7 Kf7 33. Nf3 Bc6 34. Ng5+ Kf6 35. Nh7+ Kf7 36. Ng5+ Kf6 37. Rxe7 Kxe7 38. Kd2 Bb7 39. c3 Nc6 40. Kd3 Ba6+ 41. Ke3 Bc8 42. Nf3 Be6 43. c4 Na5 44. Nd2 Nc6 45. Bg1 Kf6 46. Kf3 Na5 47. g4 hxg4+ 48. hxg4 Bd7 49. Be3 Nc6 50. Nb1 Na5 51. Nd2 Nc6 52. Nb1 Na5 53. Nd2 Nc6 54. Bf2 g5 55. fxg5+ Kxg5 56. Be3+ Kg6 57. g5 Ne5+ 58. Kf4 b5 59. Nf3 Nxf3 60. Kxf3 bxc4 61. bxc4 Be6 62. Bf4 1/2-1/2

[Event "26th Klatovy B 2018"]
[Site "Klatovy CZE"]
[Date "2018.07.08"]
[Round "9.44"]
[White "Roskovec, Bedrich"]
[Black "Vilimek, Vit"]
[Result "0-1"]
[WhiteElo "1641"]
[BlackElo "1448"]
[PlyCount "80"]
[EventDate "2018.06.30"]
[EventType "swiss"]
[EventRounds "9"]
[EventCountry "CZE"]

1. e4 e5 2. Nf3 Nc6 3. Bb5 a6 4. Ba4 Bc5 5. c3 d6 6. d4 exd4 7. cxd4 Bb4+ 8. Bd2 Bxd2+ 9. Qxd2 b5 10. Bc2 Nf6 11. O-O O-O 12. Nc3 Re8 13. Rfe1 b4 14. Nd1 Bg4 15. Re3 Bxf3 16. gxf3 a5 17. Ba4 Ra6 18. Rc1 Qa8 19. d5 Ne5 20. Bxe8 Nxe8 21. Qe2 c5 22. f4 Nd7 23. Rg3 Nef6 24. Qf3 Qe8 25. Qd3 Rb6 26. f3 Nh5 27. Kf2 Nxf4 28. Qd2 Qe5 29. Rc4 Qf6 30. Ne3 Ne5 31. Rc2 Qh4 32. Kg1 Qxg3+ 33. hxg3 Nxf3+ 34. Kf2 Nxd2 35. Rxd2 Ng6 36. Nf5 Kf8 37. Ke3 Ne7 38. Nh4 Ng6 39. Nf5 Ne5 40. Kf4 g5+ 0-1

[Event "26th Klatovy B 2018"]
[Site "Klatovy CZE"]
[Date "2018.07.08"]
[Round "9.45"]
[White "Pucholt, Martin"]
[Black "Stanke, Petr"]
[Result "1-0"]
[WhiteElo "1570"]
[BlackElo "1378"]
[PlyCount "57"]
[EventDate "2018.06.30"]
[EventType "swiss"]
[EventRounds "9"]
[EventCountry "CZE"]

1. e4 e6 2. d4 d5 3. Nc3 Nf6 4. Bd3 Be7 5. Bg5 dxe4 6. Nxe4 Nxe4 7. Bxe7 Nxf2 8. Bxd8 Nxd1 9. Bxc7 Nxb2 10. Be2 Na4 11. Nf3 Nc3 12. Bd3 O-O 13. Ba5 Nd5 14. Bd2 Nd7 15. O-O b6 16. a4 Rb8 17. Rfb1 a6 18. c4 Nc7 19. Bf4 Rb7 20. c5 bxc5 21. Rxb7 Bxb7 22. Bxc7 Bxf3 23. gxf3 Rc8 24. Bf4 c4 25. Be2 Nb6 26. Rc1 Nd5 27. Bg3 c3 28. Bxa6 Rc6 29. Bb7 1-0

[Event "26th Klatovy B 2018"]
[Site "Klatovy CZE"]
[Date "2018.07.08"]
[Round "9.46"]
[White "Malik, Zdenek"]
[Black "Rychtecky, Pavel"]
[Result "0-1"]
[WhiteElo "1607"]
[BlackElo "1547"]
[PlyCount "74"]
[EventDate "2018.06.30"]
[EventType "swiss"]
[EventRounds "9"]
[EventCountry "CZE"]

1. e4 c5 2. Nf3 e6 3. d4 cxd4 4. Nxd4 a6 5. Nc3 Bc5 6. Be3 d6 7. f4 Qc7 8. Qf3 Ne7 9. O-O-O Bd7 10. Qg3 g6 11. Bd3 Nbc6 12. Nb3 Bxe3+ 13. Qxe3 O-O 14. h4 h5 15. Be2 f5 16. Qg3 Kh7 17. exf5 Nxf5 18. Qd3 d5 19. g3 Qb6 20. Ne4 Qe3+ 21. Qxe3 Nxe3 22. Ng5+ Kh6 23. Rd3 Nf5 24. Nc5 Bc8 25. g4 Ng7 26. Nh3 b6 27. Na4 Rb8 28. g5+ Kh7 29. Re3 Nf5 30. Rb3 b5 31. Nc5 Ncd4 32. Ng1 Nxb3+ 33. axb3 Nd4 34. c3 Nc6 35. Nh3 e5 36. fxe5 Nxe5 37. Re1 Bxh3 0-1

[Event "26th Klatovy B 2018"]
[Site "Klatovy CZE"]
[Date "2018.07.08"]
[Round "9.47"]
[White "Kudrna, Miroslav"]
[Black "Garabik, Marek"]
[Result "0-1"]
[WhiteElo "1539"]
[BlackElo "1399"]
[PlyCount "58"]
[EventDate "2018.06.30"]
[EventType "swiss"]
[EventRounds "9"]
[EventCountry "CZE"]

1. e4 e5 2. Nf3 Nc6 3. Bb5 d6 4. d3 a6 5. Ba4 b5 6. Bb3 Na5 7. c3 Nxb3 8. Qxb3 Be6 9. Qc2 Nf6 10. d4 c6 11. dxe5 dxe5 12. Nxe5 Qc7 13. Bf4 Bd6 14. Nxf7 Kxf7 15. Bxd6 Qxd6 16. O-O Rhd8 17. Na3 Qd2 18. Rfd1 Qxc2 19. Nxc2 Nxe4 20. f3 Nf6 21. Nd4 Bxa2 22. Nxc6 Rxd1+ 23. Rxd1 Bc4 24. Rd8 Rxd8 25. Nxd8+ Ke8 26. Nb7 Nd7 27. Nd6+ Ke7 28. Nxc4 bxc4 29. Kf2 Nc5 0-1

[Event "26th Klatovy B 2018"]
[Site "Klatovy CZE"]
[Date "2018.07.08"]
[Round "9.48"]
[White "Barta, David"]
[Black "Safarcik, Miroslav"]
[Result "1-0"]
[WhiteElo "1176"]
[BlackElo "1505"]
[PlyCount "81"]
[EventDate "2018.06.30"]
[EventType "swiss"]
[EventRounds "9"]
[EventCountry "CZE"]

1. e4 b6 2. d4 Bb7 3. d5 g6 4. e5 Bg7 5. f4 Nh6 6. c4 O-O 7. Nf3 a5 8. Nc3 Na6 9. Qc2 Nb4 10. Qb1 e6 11. a3 Na6 12. Bd3 Nc5 13. Bc2 Nf5 14. g4 Ne7 15. f5 exf5 16. gxf5 Re8 17. f6 Bxf6 18. exf6 Nf5+ 19. Kf2 Qxf6 20. Bg5 Qd6 21. Nb5 Qf8 22. Nxc7 Nd6 23. Nxe8 Rxe8 24. Re1 Nxc4 25. Rxe8 Qxe8 26. Qe1 Qxe1+ 27. Rxe1 Bxd5 28. Bf6 Ne6 29. Ng5 h6 30. Nxe6 dxe6 31. Bb3 Nxb2 32. Bxd5 Nd3+ 33. Kf1 Nxe1 34. Be4 b5 35. Kxe1 g5 36. Bd8 f5 37. Bd3 b4 38. a4 b3 39. Bc4 b2 40. Bxe6+ Kg7 41. Bxf5 1-0

[Event "26th Klatovy B 2018"]
[Site "Klatovy CZE"]
[Date "2018.07.08"]
[Round "9.49"]
[White "Jedlicka, Pavel"]
[Black "Skopkova, Marcela"]
[Result "1-0"]
[WhiteElo "1485"]
[BlackElo "1245"]
[PlyCount "88"]
[EventDate "2018.06.30"]
[EventType "swiss"]
[EventRounds "9"]
[EventCountry "CZE"]

1. d4 d5 2. f4 Nf6 3. Nf3 e6 4. e3 a6 5. Be2 c5 6. c3 c4 7. b3 b5 8. a4 Bd7 9. Ne5 bxa4 10. bxc4 dxc4 11. Nxd7 Nbxd7 12. Qxa4 Be7 13. Ba3 O-O 14. Bxe7 Qxe7 15. Qxc4 Rfc8 16. Qd3 a5 17. O-O a4 18. c4 Qb4 19. Na3 Qb3 20. Rfb1 Qxd3 21. Bxd3 g6 22. h3 Ne8 23. Rb4 Rcb8 24. Nb5 Nb6 25. e4 f5 26. Nc3 Nd7 27. Nb5 a3 28. Rb3 Nd6 29. e5 Nxb5 30. cxb5 Ra4 31. g3 Rxd4 32. Rbxa3 Nc5 33. Ra8 Rxa8 34. Rxa8+ Kf7 35. Ra7+ Ke8 36. Bf1 Rd7 37. Ra8+ Rd8 38. Bg2 Rxa8 39. Bxa8 Kd8 40. b6 Kc8 41. Bc6 h6 42. h4 Ne4 43. Kg2 g5 44. Bxe4 fxe4 1-0

[Event "26th Klatovy B 2018"]
[Site "Klatovy CZE"]
[Date "2018.07.08"]
[Round "9.50"]
[White "Zeman, Lukas"]
[Black "Kura, Filip"]
[Result "1-0"]
[WhiteElo "1460"]
[BlackElo "1267"]
[PlyCount "101"]
[EventDate "2018.06.30"]
[EventType "swiss"]
[EventRounds "9"]
[EventCountry "CZE"]

1. e4 e6 2. d4 d5 3. exd5 exd5 4. Nf3 Bg4 5. Be2 Nf6 6. O-O Nc6 7. Bg5 Be7 8. c3 O-O 9. Re1 Re8 10. h3 Bh5 11. Nbd2 Ne4 12. Bxe7 Qxe7 13. Rc1 Qf6 14. Nxe4 dxe4 15. Nd2 Bg6 16. Bc4 Rad8 17. Re3 Qh4 18. Qc2 Re7 19. Rce1 Rde8 20. Bb5 a6 21. Bxc6 bxc6 22. Qa4 Re6 23. Qxa6 Rf6 24. Qe2 h6 25. a4 Qf4 26. a5 Qf5 27. a6 Qa5 28. Nxe4 Bxe4 29. Rxe4 Rxe4 30. Qxe4 Re6 31. Qb1 Qxa6 32. Rxe6 fxe6 33. Kh2 Qe2 34. Kg1 Kf7 35. g3 Qf3 36. Qc2 Kf6 37. Qd2 Qf5 38. Kg2 Qd5+ 39. f3 c5 40. Qf4+ Kg6 41. Qe4+ Qxe4 42. fxe4 cxd4 43. cxd4 Kf6 44. Kf3 Kg5 45. b4 g6 46. h4+ Kf6 47. Kf4 Kg7 48. Ke5 Kf7 49. d5 exd5 50. Kxd5 Ke7 51. Kc6 1-0

[Event "26th Klatovy B 2018"]
[Site "Klatovy CZE"]
[Date "2018.07.08"]
[Round "9.51"]
[White "Cervenka, Jakub"]
[Black "Vavrinkova, Jitka"]
[Result "1/2-1/2"]
[WhiteElo "1300"]
[BlackElo "1637"]
[PlyCount "23"]
[EventDate "2018.06.30"]
[EventType "swiss"]
[EventRounds "9"]
[EventCountry "CZE"]

1. e4 e6 2. d4 d5 3. exd5 exd5 4. Nf3 Bd6 5. Bd3 Nf6 6. Bg5 h6 7. Bh4 Be6 8. Nc3 Nbd7 9. O-O c6 10. Re1 O-O 11. Ne5 Be7 12. Qd2 1/2-1/2

[Event "26th Klatovy B 2018"]
[Site "Klatovy CZE"]
[Date "2018.07.08"]
[Round "9.52"]
[White "Veverkova, Dorota"]
[Black "Novy, Jan"]
[Result "0-1"]
[WhiteElo "1277"]
[BlackElo "1516"]
[PlyCount "106"]
[EventDate "2018.06.30"]
[EventType "swiss"]
[EventRounds "9"]
[EventCountry "CZE"]

1. e4 d5 2. exd5 Nf6 3. Bb5+ Nbd7 4. Nc3 a6 5. Ba4 b5 6. Bb3 Bb7 7. d4 Nb6 8. Nf3 Nfxd5 9. Nxd5 Nxd5 10. O-O e6 11. Re1 Be7 12. Ne5 O-O 13. c3 Bg5 14. Qg4 Bxc1 15. Raxc1 Qd6 16. Nf3 Rae8 17. Qh4 h6 18. c4 bxc4 19. Bxc4 Nf4 20. Bf1 Bxf3 21. gxf3 Qxd4 22. Re4 Qxb2 23. Qxf4 Qxa2 24. Rxc7 Rd8 25. Ra4 Qd5 26. Rxa6 Qd1 27. Raa7 Rd5 28. h4 Rf5 29. Rc1 Qxf1+ 30. Kxf1 Rxf4 31. Kg2 Rxh4 32. Kg3 Rh5 33. Ra4 Rg5+ 34. Rg4 Rf5 35. Rh1 Kh7 36. f4 Rd8 37. Rg1 Rf6 38. Kf3 Rg8 39. Ke4 Rf5 40. Kf3 g6 41. Rh4 Rd8 42. Rgh1 h5 43. Ke4 Kh6 44. Ke3 Rb8 45. Ke2 Rb4 46. Ke3 e5 47. fxe5 Rxh4 48. Rxh4 Rxe5+ 49. Kd4 Kg5 50. Rh1 Rf5 51. Rg1+ Kf4 52. Ra1 Kf3 53. Ra2 h4 0-1